01918nam a22003017i 4500003000900000005001700009007000300026008004100029040003000070082002400100110008900124245016600213264003900379300004300418336002700461337003400488338002800522505026800550505013000818505013700948505025501085650006701340650003901407650003301446650004501479650005601524700003601580DO-SdBNP20230628092110.0ta211125b2019 a|||e |||| 001 0 spa d aDO-SdBNPbspacBNPHUerda4 a343.0946bI597m22210aInstituto Universitario de Tráfico y Seguridad Vial de la Universidad de Valencia10aManual de conducción y seguridad vial : blicencia categoría 03 y 04, conocimientos específicos para la conducción profesional de vehículos pesados  a[Santo Domingo] :bINTRANT,c2019. a83 paginas :bilustraciones. ; c21 cm 2rdacontentatextobtxt 2rdamediaasin mediación bn 2rdacarrieravolumenbnc aParte 1. Requisitos para la conducción profesional de vehículos pesados.t1.1. Requisitos previos --t1.2. Vehículo que autoriza a conducir la categoría 03 y 04 de licencias para la conducción --t1.3. La licencia de conducir de categoría 03 y 04 -- aParte 2. El vehículo.t2.1. Estructura del vehículo --t2.2 Competentes del vehículo --t2.3. Elementos de seguridad -- aParte 3. La conducción.t3.1. Manejo básico del vehículo --t3.2. Situación especiales --t3.3 Técnicas de conducción -- aParte 4. Reglas de conducción específicas : infracciónes y sanciones.t4.1. Alcoholemia -- t4.2. Velocidad --t4.3. Distancia de seguimiento --t4.5. Giros --t4.6.Circulación --t4.7. Especificaciones del transporte de pasajeros y carga --4 aSeguridad del tránsito vManuales zRepública Dominicana. 4 aConducción xVehículos pesados4 aSeguridad vialxEnseñanza.4 aConducción de automóviles xManuales4 aReglamentos de tránsito zRepública Dominicana 1 aVelarte, Jose LuiseColaborador